Design of machine elements (Record no. 28956)

000 -LEADER
fixed length control field 00500nam a22001931 4500
001 - CONTROL NUMBER
control field 28956
003 - CONTROL NUMBER IDENTIFIER
control field BD-DhUET
008 - FIXED-LENGTH DATA ELEMENTS--GENERAL INFORMATION
fixed length control field 721124s1965 nyua b 000 0 eng
040 ## - CATALOGING SOURCE
Original cataloging agency DLC
Transcribing agency OAU
Modifying agency BD-DhUET
082 ## - DEWEY DECIMAL CLASSIFICATION NUMBER
Classification number 621.815
Item number FAI/1965
100 ## - MAIN ENTRY--PERSONAL NAME
Personal name Faires, Virgil Moring
245 10 - TITLE STATEMENT
Title Design of machine elements
250 ## - EDITION STATEMENT
Edition statement 4th ed.
260 ## - PUBLICATION, DISTRIBUTION, ETC. (IMPRINT)
Place of publication, distribution, etc. New York
Name of publisher, distributor, etc. Macmillan
Date of publication, distribution, etc. 1965
300 ## - PHYSICAL DESCRIPTION
Extent xxviii, 624 p.
Other physical details ill.
Dimensions 25 cm.
504 ## - BIBLIOGRAPHY, ETC. NOTE
Bibliography, etc Includes bibliographies
650 #0 - SUBJECT ADDED ENTRY--TOPICAL TERM
Topical term or geographic name as entry element Machine design
942 ## - ADDED ENTRY ELEMENTS (KOHA)
Koha item type General Book
Holdings
Not for loan Copy number Price effective from Withdrawn status Lost status Damaged status Koha item type Koha full call number Koha date last seen Shelving location Koha normalized classification for sorting Date acquired Sublocation or collection (holding branch) Location (home branch) Source of classification or shelving scheme Piece designation (barcode)
 12015-06-14   Reading Item621.815/FAI/19652015-06-14Reading section621_815000000000000_FAI_19652015-06-14Central Library, BUETCentral Library, BUET 63059
 22015-06-20   Reading Item621.815/FAI/19652015-06-20Reading section621_815000000000000_FAI_19652015-06-20Central Library, BUETCentral Library, BUET 50915
 32015-06-20   Reading Item621.815/FAI/19652015-06-20Reading section621_815000000000000_FAI_19652015-06-20Central Library, BUETCentral Library, BUET 50916
 42015-06-25   Reading Item621.815/FAI/19652015-06-25Reading section621_815000000000000_FAI_19652015-06-25Central Library, BUETCentral Library, BUET  55289
 52015-06-25   Reading Item621.815/FAI/19652015-06-25Reading section621_815000000000000_FAI_19652015-06-25Central Library, BUETCentral Library, BUET 63062